| 000 | 00534nam a22001817a 4500 | ||
|---|---|---|---|
| 005 | 20251108165447.0 | ||
| 008 | 250721s1978 xx 000 0 ara d | ||
| 082 | 1 | 4 | _aم/956,4/عبد |
| 100 | 1 | _aأسود، عبد الرزاق | |
| 245 | 1 | 0 | _aالموسوعة الفلسطينية / |
| 264 | 1 |
_aبيروت : _bالدار العربية للموسوعات، _c1978. |
|
| 300 | _a4مج | ||
| 650 | 1 | 7 | _aفلسطين |
| 650 | 1 | 7 | _aالتاريخ |
| 650 | 1 | 7 | _aاليهود المعاهدات |
| 942 |
_2ddc _cREF |
||
| 999 |
_c28480 _d28480 |
||